00214nam a2200097Ia 4500008004100000041000800041082000800049100001400057245001900071260002600090231212s1972 xx 000 0 und d aeng a546 aKurosh A. aHigher Algebra aMascowbMir Pubc1972